000 00646nam a2200205Ia 4500
001 16924
003 GE_BSU
008 181216s||||||||xx |||||||||||||| ||und||
040 _cGE_BSU
080 _a821.161.1-32
100 _aტურგენევი, ი. ს.
245 _aმამები და შვილები
245 _cმთარგმნ. გ. დოლიძე. რედ.ალ.ჭეიშვილი
260 _aთბილისი
260 _bსახელგამი
260 _c1949
300 _a234გვ. ; 21სმ
653 _aმამები და შვილები
942 _cBK
999 _c49988
_d49988